000 00305nam a2200133 i 4500
001 bg
100 1 _aHORNE, R. A.
245 0 _aWater and Aequeos Solutions.. /
_cR.A. Horne.
260 _aNew York,
_c1972.
040 _cBPK
041 _apol
942 _cKS
008 s pl f |000 0 pol
999 _c15570
_d15570
856 _uhttp://koha.tu.koszalin.pl/cgi-bin/koha/opac-detail.pl?biblionumber=15570
_yKatalog online BPK